[Event "EU-ch blitz"]
[Site "Minsk"]
[Date "2015.12.18"]
[Round "6.14"]
[White "Zhigalko, Sergei"]
[Black "Lanin, Alexsej"]
[Result "1-0"]
[WhiteElo "2655"]
[BlackElo "2394"]
[PlyCount "57"]
[EventDate "2015.12.18"]
[EventType "swiss (blitz)"]
[EventRounds "22"]
[EventCountry "BLR"]
[SourceTitle "EXT 2017"]
[Source "ChessBase"]
[SourceDate "2016.10.25"]
[SourceVersion "1"]
[SourceVersionDate "2016.10.25"]
[SourceQuality "1"]

1. e4 c5 2. Nf3 d6 3. d4 cxd4 4. Qxd4 Nf6 5. Nc3 a6 6. Bc4 Nc6 7. Qd3 Bg4 8. Bb3 e6 9. Bf4 Qc7 10. 0-0-0 0-0-0 11. h3 Bh5 12. g4 Bg6 13. Nh4 Be7 14. Nxg6 hxg6 15. Kb1 Nd7 16. Qg3 Nce5 17. g5 Rh7 18. Bc1 Rdh8 19. f4 Nc4 20. Rd4 Na5 21. f5 gxf5 22. exf5 Nc6 23. Rdd1 Nc5 24. g6 Nxb3 25. gxh7 Nxc1 26. Qxg7 Qd8 27. Qxf7 Ne5 28. Qxe6+ Kb8 29. Rhf1 1-0

[Event "St Petersburg Botvinnik 100 op"]
[Site "St Petersburg"]
[Date "2011.08.14"]
[Round "3"]
[White "Lanin, Alexsej"]
[Black "Kobzar, Alexandr"]
[Result "0-1"]
[WhiteElo "2423"]
[BlackElo "2184"]
[PlyCount "96"]
[EventDate "2011.08.12"]
[EventType "swiss"]
[EventRounds "9"]
[EventCountry "RUS"]
[SourceTitle "CBM 143 Extra"]
[Source "ChessBase"]
[SourceDate "2011.08.29"]
[SourceVersion "1"]
[SourceVersionDate "2011.08.29"]
[SourceQuality "1"]

1. e4 c5 2. Nf3 d6 3. d4 cxd4 4. Nxd4 Nf6 5. Nc3 g6 6. Be3 Bg7 7. f3 0-0 8. Qd2 Nc6 9. 0-0-0 d5 10. exd5 Nxd5 11. Nxc6 bxc6 12. Bd4 e5 13. Bc5 Be6 14. Ne4 Re8 15. Bc4 Nf4 16. Bxe6 Nxe6 17. Qc3 Nd4 18. Qc4 Qd5 19. Qxd5 cxd5 20. Nc3 Rac8 21. Bxd4 exd4 22. Nxd5 Re2 23. Rd2 Bh6 24. f4 Rxd2 25. Kxd2 Rb8 26. b3 Rb5 27. Ne7+ Kf8 28. Nc6 Bxf4+ 29. Kd3 Rh5 30. b4 a6 31. a4 Bd6 32. a5 Ke8 33. Kc4 Rg5 34. g3 Rh5 35. g4 Rxh2 36. Rxh2 Bxh2 37. Nxd4 h5 38. gxh5 gxh5 39. Nf5 Kd7 40. Kd5 Bg1 41. c4 Bf2 42. c5 h4 43. b5 axb5 44. a6 Kc7 45. Nd6 h3 46. Nxb5+ Kb8 47. a7+ Ka8 48. Kc6 h2 0-1

[Event "St Petersburg Botvinnik 100 op"]
[Site "St Petersburg"]
[Date "2011.08.12"]
[Round "1"]
[White "Lanin, Alexsej"]
[Black "Korniyuk, Mariya"]
[Result "1-0"]
[WhiteElo "2423"]
[BlackElo "2104"]
[PlyCount "61"]
[EventDate "2011.08.12"]
[EventType "swiss"]
[EventRounds "9"]
[EventCountry "RUS"]
[SourceTitle "CBM 143 Extra"]
[Source "ChessBase"]
[SourceDate "2011.08.29"]
[SourceVersion "1"]
[SourceVersionDate "2011.08.29"]
[SourceQuality "1"]

1. e4 c6 2. d4 g6 3. c3 Bg7 4. Bd3 d5 5. e5 Nh6 6. h3 0-0 7. f4 Bf5 8. Ne2 e6 9. Be3 Bxd3 10. Qxd3 f5 11. Nd2 Nd7 12. b3 Rc8 13. c4 dxc4 14. bxc4 Nb6 15. Qb3 Rf7 16. Nf3 Rd7 17. Nc3 Bf8 18. Rd1 Qe7 19. Rb1 Nf7 20. g4 Nh6 21. Rg1 c5 22. d5 exd5 23. cxd5 c4 24. Qd1 Qa3 25. Qd2 Bb4 26. Rxb4 Qxb4 27. d6 Kg7 28. Bd4 Kf8 29. Kf2 Na4 30. Nxa4 Qxa4 31. e6 1-0

[Event "Chigorin Memorial 17th"]
[Site "St Petersburg"]
[Date "2009.10.24"]
[Round "9"]
[White "Lanin, Alexsej"]
[Black "Balakirev, Ilya"]
[Result "1-0"]
[WhiteElo "2446"]
[BlackElo "2255"]
[PlyCount "63"]
[EventDate "2009.10.16"]
[EventType "swiss"]
[EventRounds "9"]
[EventCountry "RUS"]
[SourceTitle "CBM 132 Extra"]
[Source "ChessBase"]
[SourceDate "2009.11.03"]
[SourceVersion "1"]
[SourceVersionDate "2009.11.03"]
[SourceQuality "1"]

1. e4 c6 2. Nc3 d5 3. Nf3 dxe4 4. Nxe4 Nf6 5. Nxf6+ gxf6 6. d4 Bg4 7. c3 Nd7 8. g3 e5 9. Be2 Qc7 10. Nh4 Be6 11. Bg4 0-0-0 12. 0-0 Kb8 13. Re1 Nb6 14. Bxe6 fxe6 15. Qf3 Bd6 16. Qxf6 Nd5 17. Qxe6 Rde8 18. Qg4 exd4 19. Rxe8+ Rxe8 20. Qxd4 Qe7 21. Nf5 Qe1+ 22. Kg2 Bc7 23. c4 Be5 24. Qd3 Nb4 25. Qe3 Qd1 26. Qd2 Qxd2 27. Bxd2 Bxb2 28. Bf4+ Ka8 29. Rd1 b5 30. cxb5 cxb5 31. Rd7 a5 32. Nd6 1-0

[Event "Chigorin Memorial 17th"]
[Site "St Petersburg"]
[Date "2009.10.23"]
[Round "8"]
[White "Khakimov, Timur"]
[Black "Lanin, Alexsej"]
[Result "1/2-1/2"]
[WhiteElo "2291"]
[BlackElo "2446"]
[PlyCount "65"]
[EventDate "2009.10.16"]
[EventType "swiss"]
[EventRounds "9"]
[EventCountry "RUS"]
[SourceTitle "CBM 132 Extra"]
[Source "ChessBase"]
[SourceDate "2009.11.03"]
[SourceVersion "1"]
[SourceVersionDate "2009.11.03"]
[SourceQuality "1"]

1. d4 Nf6 2. Nf3 e6 3. c4 b6 4. g3 Ba6 5. b3 Bb4+ 6. Bd2 Be7 7. Nc3 c6 8. e4 d5 9. Bd3 dxe4 10. Nxe4 Nbd7 11. Qe2 c5 12. Bc3 cxd4 13. Nxd4 Bb7 14. 0-0-0 Nc5 15. Nxc5 bxc5 16. Nf3 Qc7 17. Rhe1 Bxf3 18. Qxf3 0-0 19. Be5 Qa5 20. Kb2 Rad8 21. g4 Nd7 22. Bc3 Qb6 23. h4 a5 24. g5 Nb8 25. Qe4 g6 26. Qe5 Rd4 27. Bxd4 cxd4 28. Qb5 Qc7 29. Qe5 Qb6 30. Qb5 Qc7 31. Qe5 Qb6 32. h5 Nd7 33. Qe4 1/2-1/2

[Event "Chigorin Memorial 17th"]
[Site "St Petersburg"]
[Date "2009.10.22"]
[Round "7"]
[White "Mukashev, Assan"]
[Black "Lanin, Alexsej"]
[Result "0-1"]
[WhiteElo "2085"]
[BlackElo "2446"]
[PlyCount "86"]
[EventDate "2009.10.16"]
[EventType "swiss"]
[EventRounds "9"]
[EventCountry "RUS"]
[SourceTitle "CBM 132 Extra"]
[Source "ChessBase"]
[SourceDate "2009.11.03"]
[SourceVersion "1"]
[SourceVersionDate "2009.11.03"]
[SourceQuality "1"]

1. d4 Nf6 2. c4 e6 3. g3 c5 4. d5 exd5 5. cxd5 b5 6. Nf3 d6 7. e4 a6 8. Nfd2 Qe7 9. Qe2 Nbd7 10. a4 b4 11. a5 h5 12. h3 Ne5 13. Bg2 Bd7 14. b3 g5 15. Nc4 Bg7 16. Bb2 Nxc4 17. bxc4 0-0-0 18. 0-0 Rhg8 19. Nd2 h4 20. g4 Rde8 21. Qd1 Nxe4 22. Nxe4 Bxb2 23. Rb1 Be5 24. Qf3 Kd8 25. Rfd1 Bc8 26. Nxc5 dxc5 27. d6 Qa7 28. d7 Bxd7 29. Rd5 Bd4 30. Qxf7 Rg7 31. Qh5 Kc8 32. Rxg5 Rxg5 33. Qxg5 Rf8 34. Rd1 b3 35. Qe7 Rd8 36. g5 Qc7 37. Qe4 Bc6 38. Qe6+ Kb7 39. Rb1 b2 40. Bxc6+ Qxc6 41. Qe7+ Qc7 42. Qe4+ Ka7 43. Qxh4 Rf8 0-1

[Event "Chigorin Memorial 17th"]
[Site "St Petersburg"]
[Date "2009.10.21"]
[Round "6"]
[White "Lanin, Alexsej"]
[Black "Markevich, Ilya"]
[Result "1/2-1/2"]
[WhiteElo "2446"]
[BlackElo "2157"]
[PlyCount "105"]
[EventDate "2009.10.16"]
[EventType "swiss"]
[EventRounds "9"]
[EventCountry "RUS"]
[SourceTitle "CBM 132 Extra"]
[Source "ChessBase"]
[SourceDate "2009.11.03"]
[SourceVersion "1"]
[SourceVersionDate "2009.11.03"]
[SourceQuality "1"]

1. e4 c5 2. Nf3 e6 3. d4 cxd4 4. Nxd4 a6 5. Nc3 Qc7 6. Be2 Nf6 7. 0-0 Nc6 8. Be3 Bb4 9. Na4 0-0 10. Nxc6 bxc6 11. Nb6 Rb8 12. Nxc8 Rfxc8 13. Bxa6 Rd8 14. Bd3 Bd6 15. Kh1 Be5 16. Rb1 Bxb2 17. f4 e5 18. g3 d5 19. fxe5 Bxe5 20. Rxb8 Qxb8 21. exd5 cxd5 22. Qf3 d4 23. Bd2 Qa8 24. Qxa8 Rxa8 25. Bc4 Ra7 26. Bf4 Nd7 27. Rd1 Bf6 28. Re1 g5 29. Bd6 Kg7 30. Re8 Rb7 31. Bb3 Rb6 32. Be7 h6 33. Kg2 Be5 34. Rd8 Rb7 35. Rc8 Nb6 36. Bf8+ Kg6 37. Rc6+ f6 38. a4 Nd7 39. Ba3 d3 40. Kf1 h5 41. a5 Rb5 42. a6 Ra5 43. Bc1 Nc5 44. Bc4 Ra1 45. Bxd3+ Nxd3 46. cxd3 Bb2 47. a7 Bxc1 48. a8Q Rxa8 49. Rxc1 Ra2 50. Kg1 Rd2 51. Rc3 Kf5 52. h3 Ke5 53. Ra3 1/2-1/2

[Event "Chigorin Memorial 17th"]
[Site "St Petersburg"]
[Date "2009.10.18"]
[Round "3"]
[White "Karzev, Evgeny"]
[Black "Lanin, Alexsej"]
[Result "0-1"]
[WhiteElo "2145"]
[BlackElo "2446"]
[PlyCount "42"]
[EventDate "2009.10.16"]
[EventType "swiss"]
[EventRounds "9"]
[EventCountry "RUS"]
[SourceTitle "CBM 132 Extra"]
[Source "ChessBase"]
[SourceDate "2009.11.03"]
[SourceVersion "1"]
[SourceVersionDate "2009.11.03"]
[SourceQuality "1"]

1. Nf3 c5 2. g3 d5 3. Bg2 Nc6 4. 0-0 e5 5. d3 Nf6 6. Bg5 Be7 7. Nfd2 Be6 8. Nc3 d4 9. Bxf6 Bxf6 10. Bxc6+ bxc6 11. Na4 Qa5 12. c3 Be7 13. Qc2 Rc8 14. Rac1 h5 15. cxd4 cxd4 16. Nc5 Bxc5 17. Qxc5 Qxd2 18. Qxe5 0-0 19. Qxh5 Qxb2 20. h4 Rfe8 21. Rce1 Bh3 0-1

[Event "Chigorin Memorial 17th"]
[Site "St Petersburg"]
[Date "2009.10.17"]
[Round "2"]
[White "Lanin, Alexsej"]
[Black "Reshetov, Valery"]
[Result "1/2-1/2"]
[WhiteElo "2446"]
[BlackElo "2126"]
[PlyCount "56"]
[EventDate "2009.10.16"]
[EventType "swiss"]
[EventRounds "9"]
[EventCountry "RUS"]
[SourceTitle "CBM 132 Extra"]
[Source "ChessBase"]
[SourceDate "2009.11.03"]
[SourceVersion "1"]
[SourceVersionDate "2009.11.03"]
[SourceQuality "1"]

1. e4 e5 2. Nf3 Nc6 3. Bb5 Bc5 4. c3 Nf6 5. Qe2 Qe7 6. d3 d6 7. Nbd2 Bd7 8. Nf1 Ng4 9. Bg5 Bxf2+ 10. Qxf2 Nxf2 11. Bxe7 Nxh1 12. Bg5 h6 13. Bd2 g5 14. Ke2 g4 15. Nh4 g3 16. Kf3 Nf2 17. Kxg3 Ng4 18. h3 Nf6 19. Ne3 0-0-0 20. Rf1 Nh5+ 21. Kh2 Rdf8 22. Nef5 Nf4 23. Bxf4 exf4 24. d4 Bxf5 25. Nxf5 Kd8 26. Rxf4 Ne7 27. Ne3 h5 28. Bc4 f6 1/2-1/2

[Event "Pardubice Czech op-A"]
[Site "Pardubice"]
[Date "2009.07.26"]
[Round "3"]
[White "Lanin, Alexsej"]
[Black "Kuchynka, Lukas"]
[Result "1-0"]
[WhiteElo "2449"]
[BlackElo "2307"]
[PlyCount "79"]
[EventDate "2009.07.24"]
[EventType "swiss"]
[EventRounds "9"]
[EventCountry "CZE"]
[SourceTitle "CBM 131 Extra"]
[Source "ChessBase"]
[SourceDate "2009.09.03"]
[SourceVersion "2"]
[SourceVersionDate "2009.09.16"]
[SourceQuality "1"]

1. e4 c5 2. Nf3 Nc6 3. Bb5 Qb6 4. c4 e6 5. 0-0 Nge7 6. Nc3 a6 7. Ba4 g6 8. a3 Bg7 9. Rb1 0-0 10. b4 Nd4 11. Nxd4 cxd4 12. Ne2 d6 13. d3 Qc7 14. b5 d5 15. b6 Qc5 16. Bd2 Nc6 17. cxd5 exd5 18. Qb3 Bg4 19. Rfc1 Qe7 20. Bxc6 Bxe2 21. Bxd5 Be5 22. f4 Bd6 23. e5 Bc5 24. Rxc5 Qxc5 25. Bb4 Qxb6 26. Bxf8 Qxb3 27. Rxb3 Rxf8 28. Kf2 Bg4 29. Rxb7 Be6 30. Bxe6 fxe6 31. Kf3 Rc8 32. Re7 Rc3 33. Ke4 Rxa3 34. Rxe6 a5 35. g4 a4 36. Ra6 Ra1 37. Ra8+ Kf7 38. Ra7+ Kg8 39. e6 a3 40. Ke5 1-0

[Event "Pardubice Czech op-A"]
[Site "Pardubice"]
[Date "2009.07.24"]
[Round "1"]
[White "Lanin, Alexsej"]
[Black "De Verdier, Michael Carl Adam"]
[Result "1/2-1/2"]
[WhiteElo "2449"]
[BlackElo "2257"]
[PlyCount "97"]
[EventDate "2009.07.24"]
[EventType "swiss"]
[EventRounds "9"]
[EventCountry "CZE"]
[SourceTitle "CBM 131 Extra"]
[Source "ChessBase"]
[SourceDate "2009.09.03"]
[SourceVersion "2"]
[SourceVersionDate "2009.09.16"]
[SourceQuality "1"]

1. e4 c5 2. Nf3 e6 3. d4 cxd4 4. Nxd4 Nc6 5. Nc3 Qc7 6. f4 Nxd4 7. Qxd4 a6 8. Be3 b5 9. Be2 Bb7 10. Bf3 Rc8 11. Rd1 Ne7 12. Qd3 Nc6 13. a3 Be7 14. 0-0 d6 15. e5 dxe5 16. f5 Nd4 17. Bxd4 exd4 18. fxe6 0-0 19. Bxb7 Qxb7 20. exf7+ Rxf7 21. Rxf7 Kxf7 22. Ne2 Kg8 23. Nxd4 Bf6 24. c3 Rd8 25. Qf5 Qb6 26. Qe4 h6 27. Kh1 Kh8 28. Rd3 Qd6 29. h3 Kg8 30. Rd2 Qb6 31. Qg4 Kh8 32. Qf5 a5 33. Nf3 Rxd2 34. Nxd2 b4 35. Ne4 Be7 36. axb4 axb4 37. Qe5 bxc3 38. bxc3 Bd8 39. Nd2 Bc7 40. Qe8+ Kh7 41. Qe4+ Kh8 42. Nf3 Qf2 43. Qa8+ Kh7 44. Qa1 Qc2 45. Ne1 Qb3 46. Nd3 Qc4 47. Nf2 Be5 48. Qb1+ Kh8 49. Ne4 1/2-1/2

[Event "RUS-chT 16th"]
[Site "Dagomys"]
[Date "2009.04.06"]
[Round "3"]
[White "Lanin, Alexsej"]
[Black "Grachev, Boris V"]
[Result "0-1"]
[WhiteElo "2457"]
[BlackElo "2652"]
[PlyCount "40"]
[EventDate "2009.04.04"]
[EventType "team-tourn"]
[EventRounds "7"]
[EventCountry "RUS"]
[SourceTitle "EXT 2020"]
[Source "ChessBase"]
[SourceDate "2019.10.17"]
[SourceVersion "1"]
[SourceVersionDate "2019.10.17"]
[SourceQuality "1"]
[WhiteTeam "St Petersburg Mikhail Chigorin"]
[BlackTeam "Moscow ShSM-64"]
[WhiteTeamCountry "RUS"]
[BlackTeamCountry "RUS"]

1. e4 c5 2. Nf3 d6 3. d4 cxd4 4. Nxd4 Nf6 5. Nc3 Nc6 6. Bg5 a6 7. Qd2 e6 8. 0-0-0 Be7 9. Bxf6 gxf6 10. f4 Nxd4 11. Qxd4 b5 12. e5 d5 13. f5 0-0 14. Qg4+ Kh8 15. Qh5 fxe5 16. h4 f6 17. fxe6 Bxe6 18. Bd3 f5 19. Rhe1 Qd6 20. g4 e4 0-1

[Event "Chigorin Memorial 16th"]
[Site "St Petersburg"]
[Date "2008.10.09"]
[Round "7"]
[White "Lanin, Alexsej"]
[Black "Konenkin, Dmitry"]
[Result "1-0"]
[WhiteElo "2465"]
[BlackElo "2296"]
[PlyCount "31"]
[EventDate "2008.10.03"]
[EventType "swiss"]
[EventRounds "9"]
[EventCountry "RUS"]
[SourceTitle "CBM 126 Extra"]
[Source "ChessBase"]
[SourceDate "2008.11.05"]
[SourceVersion "1"]
[SourceVersionDate "2008.11.05"]
[SourceQuality "1"]

1. e4 d6 2. d4 Nf6 3. Nc3 e5 4. Nf3 Nbd7 5. Bc4 Be7 6. 0-0 0-0 7. a4 c6 8. Re1 b6 9. Ba2 a6 10. dxe5 dxe5 11. Nh4 Nxe4 12. Nxe4 Bxh4 13. Qh5 Qe7 14. g4 h6 15. Bxh6 Nc5 16. Bg5 1-0

[Event "Minsk op"]
[Site "Minsk"]
[Date "2008.07.18"]
[Round "9"]
[White "Lanin, Alexsej"]
[Black "Aleksandrov, Aleksej"]
[Result "1-0"]
[WhiteElo "2444"]
[BlackElo "2582"]
[PlyCount "61"]
[EventDate "2008.07.10"]
[EventType "swiss"]
[EventRounds "9"]
[EventCountry "BLR"]
[SourceTitle "CBM 125 Extra"]
[Source "ChessBase"]
[SourceDate "2008.09.01"]
[SourceVersion "1"]
[SourceVersionDate "2008.09.01"]
[SourceQuality "1"]

1. e4 e5 2. Nf3 Nc6 3. Bb5 Nf6 4. Qe2 Bc5 5. c3 0-0 6. d3 Re8 7. Bg5 h6 8. Bh4 a6 9. Ba4 b5 10. Bb3 Be7 11. Nbd2 d6 12. Nf1 Nd7 13. Bg3 Nc5 14. Bd5 Bd7 15. Ne3 Rb8 16. d4 exd4 17. cxd4 Na4 18. Rc1 Nb4 19. Bb3 Nxb2 20. 0-0 Na4 21. e5 Nc6 22. Qc2 Bf8 23. Nf5 Ne7 24. exd6 cxd6 25. Nxd6 Be6 26. Bxe6 fxe6 27. Nxe8 Qxe8 28. Bxb8 Qxb8 29. Rfe1 Nd5 30. Qc6 Nf4 31. g3 1-0

[Event "Minsk op"]
[Site "Minsk"]
[Date "2008.07.16"]
[Round "7"]
[White "Maiorov, Nikita"]
[Black "Lanin, Alexsej"]
[Result "1-0"]
[WhiteElo "2524"]
[BlackElo "2444"]
[PlyCount "57"]
[EventDate "2008.07.10"]
[EventType "swiss"]
[EventRounds "9"]
[EventCountry "BLR"]
[SourceTitle "CBM 125 Extra"]
[Source "ChessBase"]
[SourceDate "2008.09.01"]
[SourceVersion "1"]
[SourceVersionDate "2008.09.01"]
[SourceQuality "1"]

1. d4 Nf6 2. c4 e6 3. Nc3 Bb4 4. Qc2 0-0 5. a3 Bxc3+ 6. Qxc3 b6 7. Bg5 Bb7 8. f3 d5 9. e3 Nbd7 10. cxd5 exd5 11. Bd3 Re8 12. Ne2 h6 13. Bh4 c5 14. 0-0 Qe7 15. Bf2 Rac8 16. Qd2 Nb8 17. b4 Nc6 18. Rab1 cxd4 19. exd4 Ne4 20. fxe4 dxe4 21. Bc2 e3 22. Qd3 exf2+ 23. Rxf2 g6 24. Bb3 Qe4 25. Bxf7+ Kg7 26. Qxe4 Rxe4 27. Bd5 Re7 28. Rc1 Rec7 29. Be6 1-0

[Event "Minsk op"]
[Site "Minsk"]
[Date "2008.07.15"]
[Round "6"]
[White "Lanin, Alexsej"]
[Black "Fedorov, Alexei"]
[Result "1/2-1/2"]
[WhiteElo "2444"]
[BlackElo "2603"]
[PlyCount "38"]
[EventDate "2008.07.10"]
[EventType "swiss"]
[EventRounds "9"]
[EventCountry "BLR"]
[SourceTitle "CBM 125 Extra"]
[Source "ChessBase"]
[SourceDate "2008.09.01"]
[SourceVersion "1"]
[SourceVersionDate "2008.09.01"]
[SourceQuality "1"]

1. e4 c5 2. Nf3 Nc6 3. Bb5 e6 4. 0-0 Nge7 5. c3 a6 6. Be2 d5 7. exd5 Nxd5 8. d4 cxd4 9. Nxd4 Bd6 10. Bf3 0-0 11. Nxc6 bxc6 12. Nd2 Qc7 13. g3 e5 14. c4 Nf6 15. Qc2 Rb8 16. b3 Bc5 17. Bb2 Re8 18. Rfe1 Bd7 19. Rad1 Re7 1/2-1/2

[Event "Minsk op"]
[Site "Minsk"]
[Date "2008.07.13"]
[Round "4"]
[White "Stukalov, Alexander"]
[Black "Lanin, Alexsej"]
[Result "0-1"]
[WhiteElo "2305"]
[BlackElo "2444"]
[PlyCount "56"]
[EventDate "2008.07.10"]
[EventType "swiss"]
[EventRounds "9"]
[EventCountry "BLR"]
[SourceTitle "CBM 125 Extra"]
[Source "ChessBase"]
[SourceDate "2008.09.01"]
[SourceVersion "1"]
[SourceVersionDate "2008.09.01"]
[SourceQuality "1"]

1. e4 c5 2. Nf3 d6 3. d4 cxd4 4. Nxd4 Nf6 5. Nc3 a6 6. Bc4 e6 7. Bb3 Nbd7 8. Bg5 Nc5 9. Qf3 b5 10. 0-0-0 Bb7 11. Rhe1 Be7 12. Bxf6 Bxf6 13. Kb1 Qa5 14. a3 b4 15. axb4 Qxb4 16. Qe3 0-0 17. Na2 Qb6 18. Nc3 Rab8 19. f4 Ba8 20. e5 dxe5 21. fxe5 Be7 22. Rd2 h6 23. Rde2 Rfd8 24. Nd1 Be4 25. Qc3 Bg6 26. Ka2 Nxb3 27. Nxb3 Bb4 28. Qe3 Bxe1 0-1

[Event "RUS-chT2"]
[Site "Sochi"]
[Date "2008.04.11"]
[Round "9"]
[White "Lanin, Alexsej"]
[Black "Shimanov, Aleksandr"]
[Result "1-0"]
[WhiteElo "2456"]
[BlackElo "2441"]
[PlyCount "69"]
[EventDate "2008.04.03"]
[EventType "team"]
[EventRounds "9"]
[EventCountry "RUS"]
[SourceTitle "CBM 123 Extra"]
[Source "ChessBase"]
[SourceDate "2008.05.06"]
[SourceVersion "1"]
[SourceVersionDate "2008.05.06"]
[SourceQuality "1"]

1. e4 c6 2. d4 d5 3. Nc3 dxe4 4. Nxe4 Bf5 5. Ng3 Bg6 6. N1e2 e6 7. Nf4 Bd6 8. Nxg6 hxg6 9. Ne4 Be7 10. g3 Nf6 11. Bg2 Nxe4 12. Bxe4 Nd7 13. 0-0 Qc7 14. c3 a5 15. a4 Nf6 16. Bf3 Nd5 17. Kg2 Qd7 18. h4 0-0-0 19. Qe2 Rh7 20. Rh1 Rdh8 21. Bd2 Qd8 22. Rad1 Bd6 23. c4 Nb4 24. d5 exd5 25. cxd5 Re8 26. Qc4 c5 27. Rhe1 Rhh8 28. Bg5 Qd7 29. Qb3 Rxe1 30. Rxe1 f6 31. Bd2 Rd8 32. Re6 Be5 33. Be3 Bd6 34. Be4 f5 35. Bg5 1-0

[Event "St Petersburg FINEC GM-A"]
[Site "St Petersburg"]
[Date "2008.02.01"]
[Round "9"]
[White "Lintchevski, Daniil"]
[Black "Lanin, Alexsej"]
[Result "1/2-1/2"]
[WhiteElo "2440"]
[BlackElo "2456"]
[PlyCount "41"]
[EventDate "2008.01.24"]
[EventType "tourn"]
[EventRounds "9"]
[EventCountry "RUS"]
[EventCategory "10"]
[SourceTitle "CBM 122 Extra"]
[Source "ChessBase"]
[SourceDate "2008.03.04"]
[SourceVersion "1"]
[SourceVersionDate "2008.03.04"]
[SourceQuality "1"]

1. e4 c5 2. Nf3 d6 3. Bb5+ Bd7 4. Bxd7+ Qxd7 5. 0-0 Nf6 6. e5 dxe5 7. Nxe5 Qc7 8. d4 e6 9. Bf4 Qc8 10. Nc3 cxd4 11. Qxd4 Be7 12. Qa4+ Nc6 13. Nc4 0-0 14. Rad1 Rd8 15. Rxd8+ Qxd8 16. Rd1 Qe8 17. Qb5 Qc8 18. Nd6 Bxd6 19. Rxd6 a6 20. Qb6 Ne7 21. Bg3 1/2-1/2

[Event "St Petersburg FINEC GM-A"]
[Site "St Petersburg"]
[Date "2008.01.31"]
[Round "8"]
[White "Lanin, Alexsej"]
[Black "Brodsky, Michail"]
[Result "1/2-1/2"]
[WhiteElo "2456"]
[BlackElo "2572"]
[PlyCount "113"]
[EventDate "2008.01.24"]
[EventType "tourn"]
[EventRounds "9"]
[EventCountry "RUS"]
[EventCategory "10"]
[SourceTitle "CBM 122 Extra"]
[Source "ChessBase"]
[SourceDate "2008.03.04"]
[SourceVersion "1"]
[SourceVersionDate "2008.03.04"]
[SourceQuality "1"]

1. e4 c5 2. Nf3 d6 3. d4 cxd4 4. Nxd4 Nf6 5. Nc3 a6 6. Be3 e5 7. Nb3 Be6 8. Qd2 Nbd7 9. f4 Qc7 10. f5 Bc4 11. h3 b5 12. a3 h5 13. 0-0-0 Rb8 14. Kb1 Be7 15. Bg5 a5 16. Bxf6 Nxf6 17. Qe3 Kf8 18. Nd2 Bxf1 19. Rhxf1 b4 20. Nd5 Nxd5 21. exd5 Rc8 22. Qd3 bxa3 23. bxa3 Bf6 24. Ne4 Ke7 25. c3 Rb8+ 26. Ka2 Rhc8 27. Rb1 h4 28. Rxb8 Rxb8 29. c4 Kd8 30. Rb1 Rxb1 31. Kxb1 Qb6+ 32. Ka2 Kc7 33. Qd2 Bd8 34. c5 dxc5 35. Qc3 a4 36. Nxc5 Kd6 37. Nxa4 Qb5 38. Nb2 Qxd5+ 39. Nc4+ Kc5 40. Kb3 Qd1+ 41. Ka2 Qd5 42. Kb3 Qb7+ 43. Kc2 Qxg2+ 44. Nd2+ Kd6 45. Qd3+ Kc7 46. Qc4+ Qc6 47. Kd3 Qxc4+ 48. Nxc4 f6 49. Ke4 Kc6 50. Ne3 Bb6 51. Nd5 Ba5 52. Ne7+ Kd6 53. Ng6 Be1 54. Nf8 Ke7 55. Ng6+ Kd6 56. Nf8 Ke7 57. Ng6+ 1/2-1/2

[Event "St Petersburg FINEC GM-A"]
[Site "St Petersburg"]
[Date "2008.01.29"]
[Round "6"]
[White "Lanin, Alexsej"]
[Black "Shimanov, Aleksandr"]
[Result "1/2-1/2"]
[WhiteElo "2456"]
[BlackElo "2441"]
[PlyCount "120"]
[EventDate "2008.01.24"]
[EventType "tourn"]
[EventRounds "9"]
[EventCountry "RUS"]
[EventCategory "10"]
[SourceTitle "CBM 122 Extra"]
[Source "ChessBase"]
[SourceDate "2008.03.04"]
[SourceVersion "1"]
[SourceVersionDate "2008.03.04"]
[SourceQuality "1"]

1. e4 e6 2. d4 d5 3. Nc3 Nf6 4. Bg5 dxe4 5. Nxe4 Be7 6. Bxf6 gxf6 7. g3 Bd7 8. Nf3 Bc6 9. Qd3 Nd7 10. Bg2 0-0 11. 0-0 f5 12. Ned2 Bf6 13. Rad1 Qe7 14. c4 Rfd8 15. Qe3 Qf8 16. Rfe1 a5 17. b3 a4 18. d5 exd5 19. Qf4 axb3 20. axb3 dxc4 21. Nxc4 Qc5 22. Ne3 Nf8 23. b4 Qc3 24. Rc1 Qb3 25. Rb1 Qd3 26. Rbd1 Qe4 27. Qh6 Bg7 28. Qh5 Rxd1 29. Rxd1 f4 30. Nf5 Qe2 31. Rf1 Ra3 32. Nxg7 Bxf3 33. Bxf3 Qxf3 34. Qg5 h6 35. Qxh6 Ra6 36. Qh5 Qxh5 37. Nxh5 Rb6 38. Rc1 fxg3 39. hxg3 c6 40. Rc4 Ng6 41. Re4 Rb5 42. Nf6+ Kf8 43. g4 Ne7 44. f4 Nd5 45. Re8+ Kg7 46. Nh5+ Kh7 47. Kg2 Rxb4 48. Kg3 f6 49. Rd8 b5 50. Rd7+ Kg8 51. g5 fxg5 52. fxg5 Re4 53. g6 Re8 54. Rd6 Rc8 55. Kg4 Nb4 56. Rd7 Rb8 57. Rg7+ Kh8 58. Rh7+ Kg8 59. Rg7+ Kh8 60. Rh7+ Kg8 1/2-1/2

[Event "St Petersburg FINEC GM-A"]
[Site "St Petersburg"]
[Date "2008.01.27"]
[Round "4"]
[White "Lanin, Alexsej"]
[Black "Matlakov, Maxim"]
[Result "1-0"]
[WhiteElo "2456"]
[BlackElo "2441"]
[PlyCount "125"]
[EventDate "2008.01.24"]
[EventType "tourn"]
[EventRounds "9"]
[EventCountry "RUS"]
[EventCategory "10"]
[SourceTitle "CBM 122 Extra"]
[Source "ChessBase"]
[SourceDate "2008.03.04"]
[SourceVersion "1"]
[SourceVersionDate "2008.03.04"]
[SourceQuality "1"]

1. e4 c5 2. Nf3 e6 3. d4 cxd4 4. Nxd4 Nc6 5. Nc3 d6 6. Be3 Nf6 7. f4 e5 8. Nf3 Ng4 9. Qd2 Nxe3 10. Qxe3 exf4 11. Qxf4 Be7 12. 0-0-0 Be6 13. Nd5 Bxd5 14. Rxd5 0-0 15. Bc4 Qc7 16. Bb3 Nb4 17. Rd4 a5 18. a3 Nc6 19. Rd5 a4 20. Ba2 b5 21. Rxb5 Bf6 22. Rd1 Rab8 23. Rdd5 Na7 24. Rb4 Nc6 25. Rxb8 Rxb8 26. c3 Ne5 27. Nxe5 Bxe5 28. Qf3 g6 29. g3 Kg7 30. Rd2 f6 31. Qd3 Qa7 32. Qc4 Kh6 33. Qe2 Kg7 34. Qf2 Qa6 35. Bd5 Qa5 36. Rc2 Qa6 37. Kb1 Qa5 38. Ka1 Qa6 39. Qe2 Qa7 40. Ka2 Rc8 41. Qb5 Rb8 42. Qc4 Rb6 43. Qc8 Rb8 44. Qc4 Rb6 45. g4 Bf4 46. h3 Be5 47. Rd2 Bf4 48. Rg2 Qd7 49. h4 Be3 50. Be6 Qc6 51. Qd3 Qc5 52. Bd7 Bf2 53. h5 Be3 54. hxg6 hxg6 55. Bxa4 Bf4 56. Bb3 Rb8 57. Qd5 Qa7 58. Qe6 Rh8 59. Re2 Be5 60. Rd2 Rh4 61. Qg8+ Kh6 62. g5+ fxg5 63. Bf7 1-0